[Event "Titled Tuesday intern op 08th Aug Early"]
[Site "Chess.com INT"]
[Date "2023.08.08"]
[Round "10"]
[White "Martins, Bruno Andre Leite"]
[Black "Devaev, Alexander"]
[Result "1-0"]
[WhiteElo "2346"]
[BlackElo "2325"]
[PlyCount "95"]
[EventDate "2023.08.08"]
[EventType "swiss (blitz)"]
[EventRounds "11"]
[EventCountry "USA"]
[SourceTitle "EXT 2024"]
[Source "ChessBase"]
[SourceDate "2023.10.10"]
[SourceVersion "1"]
[SourceVersionDate "2023.10.10"]
[SourceQuality "1"]

1. b3 c5 2. Ba3 Nc6 3. Bxc5 d5 4. e3 g6 5. d4 Bg7 6. Ba3 Nf6 7. Bb2 0-0 8. Nf3 Bf5 9. Bd3 Rc8 10. Bxf5 gxf5 11. 0-0 Nb4 12. c3 Na6 13. Nbd2 e6 14. Ne5 Nd7 15. Nxd7 Qxd7 16. c4 Nc5 17. Ba3 Ne4 18. Nxe4 fxe4 19. Bxf8 Bxf8 20. f3 exf3 21. Qxf3 dxc4 22. Rac1 b5 23. bxc4 bxc4 24. Kh1 Ba3 25. Rc2 c3 26. e4 Bb2 27. e5 Rc7 28. Qg4+ Kh8 29. Qh4 Qe7 30. Rf6 Rd7 31. h3 Qf8 32. Qe4 Qg7 33. Rcf2 Rc7 34. Rc2 Qg3 35. Rf4 Qg6 36. Qa8+ Qg8 37. Qf3 Qg6 38. Qf2 Rd7 39. Rg4 Qf5 40. Rf4 Qg6 41. Kh2 a5 42. Rg4 Qf5 43. Qg3 Rd8 44. Rf2 Qb1 45. Rxf7 Ba1 46. Rfg7 Qb8 47. Rxh7+ Kxh7 48. Rh4# 1-0